[Event "Barcelos op"]
[Site "Barcelos"]
[Date "2010.01.29"]
[Round "5"]
[White "Horbach, Yurih"]
[Black "Silva, Luis Neves Da"]
[Result "0-1"]
[WhiteElo "1812"]
[BlackElo "1734"]
[PlyCount "22"]
[EventDate "2010.01.14"]
[EventType "swiss"]
[EventRounds "5"]
[EventCountry "POR"]
[SourceTitle "EXT 2012"]
[Source "ChessBase"]
[SourceDate "2011.11.24"]
[SourceVersion "1"]
[SourceVersionDate "2011.11.24"]
[SourceQuality "1"]

1. e4 c5 2. c4 Nc6 3. Nf3 g6 4. Nc3 Bg7 5. d3 d6 6. Be2 e6 7. 0-0 Nge7 8. Re1 0-0 9. h3 Nd4 10. Bf1 Nec6 11. Nxd4 Nxd4 0-1